000 00551nam a2200193Ia 4500
005 20250508165205.0
008 008 250505s9999 xx 000 0 eng d
037 _aDissertations
040 _aFEDL
_beng
_cFEDL
041 _aeng
_2eng
084 _a372.24, MIN/DI
_qFEDL
100 _aMinj Anjana
_9780108
245 0 _aNew discourses of MCD school teachers and students
260 _c2012
300 _a141p.
546 _aM.Ed. Dissertation, (Delhi University)
942 _cDIS
_h372.24, MIN/DI
999 _c1393678
_d1393678